| 000 | 00626nam a22001817a 4500 | ||
|---|---|---|---|
| 005 | 20230926122834.0 | ||
| 010 | _aENG-135404 | ||
| 020 |
_a9788172010065 _c450.00 |
||
| 035 | _aEN-118936 | ||
| 037 | _bDBAD/PUB | ||
| 082 | _a880.1 | ||
| 100 |
_aDas, Sisir Kumar _957468 |
||
| 245 |
_aA History of Indian Literature: _b1800-1910 Western Impact: Indian Response/ _cBy Sisir Kumar Das |
||
| 260 |
_aNew Delhi _bSahitya Akademi _c2015 |
||
| 270 |
_aRabindra Bhawan, 35, Ferozeshah Road _bNew Delhi _e110001 _mds.sales@sahitya-akademi.gov.in |
||
| 300 |
_a815p. _bIndex _c25cm(hb) |
||
| 942 |
_2ddc _cEN _mDAS _h880.1 |
||
| 999 |
_c193027 _d193027 |
||